|
|
|
|
| LEADER |
01283cam a2200349Ia 4500 |
| 001 |
CRC0TFE1363PDF |
| 003 |
FlBoTFG |
| 005 |
20090717103238.0 |
| 006 |
a|||||s||||||||||| |
| 007 |
cr|||| |
| 008 |
040528s2005 flua sb 001 0 eng d |
| 020 |
|
|
|a 9780203568224 (e-book : PDF)
|
| 040 |
|
|
|a FlBoTFG
|c FlBoTFG
|d GrThAP
|
| 043 |
|
|
|a e-uk---
|
| 090 |
|
|
|a HV8077
|b .W37 2004
|
| 092 |
|
|
|a 344.420533
|b W277
|
| 100 |
1 |
|
|a Warlow, T. A.
|q (Tom A.)
|
| 245 |
1 |
0 |
|a Firearms, the law, and forensic ballistics
|h [electronic resource] /
|c Tom Warlow.
|
| 250 |
|
|
|a 2nd ed.
|
| 260 |
|
|
|a Boca Raton, Fla. :
|b CRC Press,
|c c2005.
|
| 300 |
|
|
|a xviii, 456 p. :
|b ill.
|
| 490 |
0 |
|
|a International forensic science and investigation series
|
| 504 |
|
|
|a Includes bibliographical references and index.
|
| 530 |
|
|
|a Also available in print edition.
|b CRC Press (http://www.crcpress.com)
|
| 538 |
|
|
|a Mode of access: World Wide Web.
|
| 650 |
|
0 |
|a Forensic ballistics.
|
| 650 |
|
0 |
|a Forensic ballistics
|z Great Britain.
|
| 650 |
|
0 |
|a Firearms
|x Law and legislation
|z Great Britain.
|
| 655 |
|
7 |
|a Electronic books.
|2 lcsh
|
| 776 |
1 |
|
|z 9780415316019
|
| 856 |
4 |
0 |
|u http://www.tandfebooks.com/isbn/9780203568224
|z Full Text via HEAL-Link
|
| 945 |
|
|
|a 856 field for Publisher abstract removed - 2010/12/23
|